Chemical Elements with the Longest Names A-Z - Statistics

General Stats
  • This quiz has been taken 27 times
  • The average score is 13 of 23
Answer Stats
Letter Length Answer % Correct
V 8 Vanadium
92%
U 7 Uranium
88%
X 5 Xenon
88%
H 8 Hydrogen
80%
Z 9 Zirconium
76%
E 11 Einsteinium
72%
I 7 Iridium
68%
K 7 Krypton
68%
B 9 Beryllium | Berkelium
60%
P 12 Praseodymium | Protactinium
60%
R 13 Rutherfordium
60%
Y 9 Ytterbium
60%
C 11 Californium | Copernicium
56%
N 9 Neodymium | Neptunium
56%
A 9 Americium
48%
O 9 Oganesson
48%
T 10 Technetium | Tennessine
48%
M 11 Mendelevium
44%
G 10 Gadolinium
36%
L 11 Livermorium
36%
S 10 Seaborgium
36%
D 12 Darmstadtium
32%
F 9 Flerovium
20%
No matching quizzes found
Score Distribution
Percent of People with Each Score
Percentile by Number Answered
Your Score History
You have not taken this quiz